000 00258nam a22001217a 4500
008 170803b xxu||||| |||| 00| 0 eng d
041 _ager
080 _a004
100 _a32
101 _aSHK
245 _aDATENVERARBEITUNG
_cALTENEDER,A
942 _2udc
_cBK
999 _c22627
_d22627